Asian Capitals by Images - Part I - Statistics

General Stats
  • This quiz has been taken 38 times
  • The average score is 15 of 24
Answer Stats
Picture Answer % Correct
Jerusalem
80%
Kabul
80%
Phnom Penh
80%
Amman
73%
Manama
73%
Seoul
73%
Singapore
73%
Taipei
73%
Thimphu
73%
Tokyo
73%
Baku
67%
Doha
67%
Riyadh
67%
Astana
60%
Bandar Seri Begawan
60%
Kuwait City
60%
Beirut
53%
Bishkek
53%
Dhaka
47%
Manila
47%
Sri Jayawardenepura Kotte
47%
Vientiane
47%
Yerevan
47%
Damascus
40%
No matching quizzes found
Score Distribution
Percent of People with Each Score
Percentile by Number Answered
Your Score History
You have not taken this quiz